[Event "Wch U12 blitz"]
[Site "Minsk"]
[Date "2018.06.24"]
[Round "2"]
[White "Girshgorn, Leonid"]
[Black "Siniukovich, Ivan"]
[Result "1-0"]
[WhiteElo "2159"]
[BlackElo "1717"]
[PlyCount "94"]
[EventDate "2018.06.24"]
[EventType "swiss (blitz)"]
[EventRounds "9"]
[EventCountry "BLR"]
[SourceTitle "EXT 2019"]
[Source "ChessBase"]
[SourceDate "2018.10.10"]
[SourceVersion "1"]
[SourceVersionDate "2018.10.10"]
[SourceQuality "1"]

1. d4 d5 2. c4 e6 3. Nc3 Nf6 4. Bg5 c6 5. cxd5 exd5 6. Qc2 Be7 7. e3 0-0 8. Bd3 Re8 9. Nf3 h6 10. Bf4 Bd6 11. Ne5 Nbd7 12. Nxf7 Kxf7 13. Bxd6 Nb6 14. Bg6+ Kg8 15. Bxe8 Qxe8 16. 0-0 Nc4 17. Bg3 Qh5 18. e4 Nb6 19. exd5 Nbxd5 20. Nxd5 Nxd5 21. Qd1 Bg4 22. Qb3 b6 23. Rac1 Qg6 24. Qc2 Qxc2 25. Rxc2 Rc8 26. a3 Bf5 27. Rcc1 Kf7 28. Rfe1 g5 29. Re5 Be6 30. Rce1 Re8 31. f3 Kf6 32. h4 Re7 33. hxg5+ hxg5 34. Kf2 Re8 35. Rh1 Kg6 36. Rc1 Bd7 37. Rce1 Kf7 38. Rxg5 Rxe1 39. Kxe1 Be6 40. Kd2 Ne7 41. Be5 Ng6 42. f4 Bd5 43. g3 Be4 44. f5 Ne7 45. Rg7+ Ke8 46. g4 Bd5 47. f6 Nc8 1-0

[Event "Wch U12 rapid"]
[Site "Minsk"]
[Date "2018.06.22"]
[Round "3"]
[White "Pidluznij, Gleb"]
[Black "Siniukovich, Ivan"]
[Result "1-0"]
[WhiteElo "1968"]
[BlackElo "1717"]
[PlyCount "99"]
[EventDate "2018.06.22"]
[EventType "swiss (rapid)"]
[EventRounds "9"]
[EventCountry "BLR"]
[SourceTitle "EXT 2019"]
[Source "ChessBase"]
[SourceDate "2018.10.10"]
[SourceVersion "1"]
[SourceVersionDate "2018.10.10"]
[SourceQuality "1"]

1. d4 d5 2. c4 e6 3. Nf3 Nf6 4. g3 c6 5. Bg2 Bd6 6. Qc2 0-0 7. 0-0 Nbd7 8. Nc3 dxc4 9. Nd2 Nb6 10. Nce4 Bc7 11. e3 e5 12. dxe5 Bxe5 13. Nxc4 Nxc4 14. Qxc4 Be6 15. Qc2 Qb6 16. Nxf6+ Bxf6 17. Bd2 Rad8 18. Bc3 Bxc3 19. Qxc3 Rd7 20. b3 Rfd8 21. Rac1 Qa6 22. Rc2 Rd1 23. Rc1 Rxf1+ 24. Bxf1 Qxa2 25. Ra1 Qxb3 26. Qxb3 Bxb3 27. Rb1 Bc2 28. Rxb7 a5 29. Rc7 a4 30. Rxc6 Bb3 31. Ra6 Kf8 32. Bb5 Rd1+ 33. Kg2 Bd5+ 34. Kh3 Be6+ 35. g4 h5 36. Bxa4 Bxg4+ 37. Kg3 Rg1+ 38. Kf4 Rf1 39. Kg3 Rg1+ 40. Kf4 Rg2 41. f3 g5+ 42. Ke4 f5+ 43. Ke5 Bxf3 44. Kxf5 Bg4+ 45. Kf6 Kg8 46. Bb3+ Kh8 47. Kg6 Bf5+ 48. Kxf5 g4 49. Kg6 g3 50. Ra8# 1-0